Communicating for results : (Record no. 1303)
[ view plain ]
| 000 -LEADER | |
|---|---|
| fixed length control field | 01144cam a2200385 a 4500 |
| 003 - CONTROL NUMBER IDENTIFIER | |
| control field | UkOxU |
| 005 - DATE AND TIME OF LATEST TRANSACTION | |
| control field | 20210625074505.0 |
| 008 - FIXED-LENGTH DATA ELEMENTS--GENERAL INFORMATION | |
| fixed length control field | 100106s2010 onca f 001 0 eng |
| 020 ## - INTERNATIONAL STANDARD BOOK NUMBER | |
| International Standard Book Number | 9780195431643 (pbk.) |
| 020 ## - INTERNATIONAL STANDARD BOOK NUMBER | |
| International Standard Book Number | 0195431642 (pbk.) |
| 038 ## - RECORD CONTENT LICENSOR | |
| Record content licensor | OCoLC |
| 040 ## - CATALOGING SOURCE | |
| Transcribing agency | NLC |
| 043 ## - GEOGRAPHIC AREA CODE | |
| Geographic area code | n-cn--- |
| 049 ## - LOCAL HOLDINGS (OCLC) | |
| Local processing data | o |
| 050 #4 - LIBRARY OF CONGRESS CALL NUMBER | |
| Classification number | HF5718 |
| Item number | .M49 2010 |
| 055 00 - CLASSIFICATION NUMBERS ASSIGNED IN CANADA | |
| Classification number | HF5718 |
| -- | .M49 2010 |
| 082 04 - DEWEY DECIMAL CLASSIFICATION NUMBER | |
| -- | 651.7 |
| 090 ## - LOCALLY ASSIGNED LC-TYPE CALL NUMBER (OCLC); LOCAL CALL NUMBER (RLIN) | |
| Classification number (OCLC) (R) ; Classification number, CALL (RLIN) (NR) | NLS |
| Local cutter number (OCLC) ; Book number/undivided call number, CALL (RLIN) | PB6.210.574/7 |
| 100 1# - MAIN ENTRY--PERSONAL NAME | |
| Personal name | Meyer, Carolyn, |
| Dates associated with a name | 1962- |
| 245 10 - TITLE STATEMENT | |
| Title | Communicating for results : |
| Remainder of title | a Canadian student's guide / |
| Statement of responsibility, etc. | Carolyn Meyer. |
| 250 ## - EDITION STATEMENT | |
| Edition statement | 2nd ed. |
| 260 ## - PUBLICATION, DISTRIBUTION, ETC. | |
| Place of publication, distribution, etc. | Don Mills, Ont. ; |
| -- | Oxford : |
| Name of publisher, distributor, etc. | Oxford University Press, |
| Date of publication, distribution, etc. | 2010. |
| 300 ## - PHYSICAL DESCRIPTION | |
| Extent | xxv, 500 p. : |
| Other physical details | ill. ; |
| Dimensions | 26 cm. |
| 500 ## - GENERAL NOTE | |
| General note | Includes index. |
| 650 #0 - SUBJECT ADDED ENTRY--TOPICAL TERM | |
| Topical term or geographic name entry element | Business communication |
| Geographic subdivision | Canada |
| Form subdivision | Textbooks. |
| 650 #0 - SUBJECT ADDED ENTRY--TOPICAL TERM | |
| Topical term or geographic name entry element | Business writing |
| Geographic subdivision | Canada |
| Form subdivision | Textbooks. |
| 942 ## - ADDED ENTRY ELEMENTS (KOHA) | |
| Source of classification or shelving scheme | |
| Koha item type | Book |
| Suppress in OPAC | MM |
| Withdrawn status | Lost status | Source of classification or shelving scheme | Damaged status | Not for loan | Permanent Location | Current Location | Shelving location | Date acquired | Total Checkouts | Full call number | Barcode | Date last seen | Price effective from | Koha item type | Public note |
|---|---|---|---|---|---|---|---|---|---|---|---|---|---|---|---|
| AU LIBRARY | AU LIBRARY | Open Shelf | 25.06.2021 | HF5718 .M49 2010 | 28000239 | 25.06.2021 | 25.06.2021 | Book | MM |